000 01291nam a2200337 a 4500
999 _c2875
_d2875
003 AKMAL
005 20170518144229.0
008 170518s2007 maua e 001 0 eng d
020 _a9781422101582 (pbk.)
040 _aAKMAL
082 0 4 _a658 ELL
_222
090 0 0 _a658
_bELL
100 1 _aEllet, William
_96049
245 1 4 _aThe case study handbook :
_bhow to read, discuss, and write persuasively about cases /
_cWilliam Ellet
260 _aBoston, Mass. :
_bHarvard Business School Press,
_cc2007
300 _avi, 273p. :
_bill. ;
_c24cm.
504 _aIncludes bibliographical references and index
650 1 0 _aManagement
_vCase studies
_xStudy and teaching
_96050
942 _2ddc
_cBOOK